تطوير منهج اللغة العربية فى ضوء ما وراء المعرفة لتنمية مهارات الفهم القرائى و القيم الوطنية لدى تلاميذ المرحلة الابتدائية فى العراق / (رقم التسجيلة. 69085)

تفاصيل مارك
000 -LEADER
fixed length control field 01486cam a2200289 a 4500
003 - CONTROL NUMBER IDENTIFIER
control field EG-GiCUC
005 - DATE AND TIME OF LATEST TRANSACTION
control field 20250223032133.0
008 - FIXED-LENGTH DATA ELEMENTS--GENERAL INFORMATION
fixed length control field 181215s2018 ua f m 000 0 ara d
040 ## - CATALOGING SOURCE
Original cataloging agency EG-GiCUC
Language of cataloging ara
Transcribing agency EG-GiCUC
041 0# - LANGUAGE CODE
Language code of text/sound track or separate title ara
049 ## - LOCAL HOLDINGS (OCLC)
Holding library اهداء
097 ## - Thesis Degree
Thesis Level دكتوراه
099 ## - LOCAL FREE-TEXT CALL NUMBER (OCLC)
Classification number Cai01.34.Ph.D.2018.فر.ت
100 0# - MAIN ENTRY--PERSONAL NAME
Personal name فراس جاسم موسى
245 10 - TITLE STATEMENT
Title تطوير منهج اللغة العربية فى ضوء ما وراء المعرفة لتنمية مهارات الفهم القرائى و القيم الوطنية لدى تلاميذ المرحلة الابتدائية فى العراق /
Statement of responsibility, etc. فراس جاسم موسى ؛ إشراف حسن سيد شحاتة : سعد على زاير : أسماء إبراهيم شريف
246 15 - VARYING FORM OF TITLE
Title proper/short title Developing Arabic language curriculum in the light of metacognition to develop reading comprehension skills and national values for primary stage pupils in Iraq
260 ## - PUBLICATION, DISTRIBUTION, ETC.
Place of publication, distribution, etc. القاهرة :
Name of publisher, distributor, etc. فراس جاسم موسى :
Date of publication, distribution, etc. 2018
300 ## - PHYSICAL DESCRIPTION
Extent 409 ص ؛
Dimensions 25سم
502 ## - DISSERTATION NOTE
Dissertation note اطروحة (دكتوراه) - جامعة عين شمس - كلية التربية - قسم المناهج و طرق التدريس
700 0# - ADDED ENTRY--PERSONAL NAME
Personal name أسماء إبراهيم شريف :
Relator term
700 0# - ADDED ENTRY--PERSONAL NAME
Personal name حسن سيد شحاتة :
Relator term
700 0# - ADDED ENTRY--PERSONAL NAME
Personal name سعد على زاير :
Relator term
856 ## - ELECTRONIC LOCATION AND ACCESS
Uniform Resource Identifier <a href="http://172.23.153.220/th.pdf">http://172.23.153.220/th.pdf</a>
905 ## - LOCAL DATA ELEMENT E, LDE (RLIN)
Cataloger Nazla
Reviser Revisor
905 ## - LOCAL DATA ELEMENT E, LDE (RLIN)
Cataloger Samia
Reviser Cataloger
942 ## - ADDED ENTRY ELEMENTS (KOHA)
Source of classification or shelving scheme Dewey Decimal Classification
Koha item type Thesis
المقتنيات
Source of classification or shelving scheme Not for loan Home library Current library Date acquired Full call number Barcode Date last seen Koha item type
Dewey Decimal Classification   المكتبة المركزبة الجديدة - جامعة القاهرة قاعة الرسائل الجامعية - الدور الاول 11.02.2024 Cai01.34.Ph.D.2018.فر.ت 01010100025324000 22.09.2023 Thesis
Cairo University Libraries Portal Implemented & Customized by: Eng. M. Mohamady Contacts: new-lib@cl.cu.edu.eg | cnul@cl.cu.edu.eg
CUCL logo CNUL logo
© All rights reserved — Cairo University Libraries
CUCL logo
Implemented & Customized by: Eng. M. Mohamady Contact: new-lib@cl.cu.edu.eg © All rights reserved — New Central Library
CNUL logo
Implemented & Customized by: Eng. M. Mohamady Contact: cnul@cl.cu.edu.eg © All rights reserved — Cairo National University Library